书目信息 |
| 题名: |
大气污染控制技术
|
|
| 作者: | 李广超 主编 | |
| 分册: | ||
| 出版信息: | 北京 化学工业出版社 2001.05 |
|
| 页数: | 201页 | |
| 开本: | 26cm | |
| 丛书名: | ||
| 单 册: | ||
| 中图分类: | X , X51-43 | |
| 科图分类: | ||
| 主题词: | 环境科学 , 劳动?0 , a安全学 , 空气 , 空气污染 , 空气污染--污染防治 | |
| 电子资源: | ||
| ISBN: | 7-5025-3194-7 | |
| 000 | 00771nam0 2200265 45 | |
| 001 | 0257420902 | |
| 005 | 2002041515570015 | |
| 010 | @a7-5025-3194-7@b压膜@dRMB 22.00 | |
| 100 | @a20020415d km y0chiy0120 ea | |
| 101 | 0 | @achi |
| 102 | @aCN@b110000 | |
| 200 | 1 | @a大气污染控制技术@Ada qi wu ran kong zhi ji shu@e大气污染控制技术@f李广超主编@Fli guang chao zhu bian |
| 210 | @a北京@c化学工业出版社@d2001.05 | |
| 215 | @a201页@d26cm | |
| 606 | 0 | @a环境科学 |
| 606 | 0 | @a劳动?0 |
| 606 | @@@@@@@@@@@a安全学 | |
| 606 | 0 | @a空气 |
| 606 | 0 | @a空气污染 |
| 606 | 0 | @a空气污染@x污染防治 |
| 690 | @@@@@@@@@@@aX@v3 | |
| 690 | @aX51-43@v3 | |
| 701 | 0 | @a李广超@Ali guang chao@4主编 |
| 801 | 0 | @@@@@@@@@@@aCN@bPFT@c20020415 |
| 905 | @@@@@@@@@@@a安徽大学@dX51-43@eL671 | |
| 大气污染控制技术:大气污染控制技术/李广超主编.-北京:化学工业出版社,2001.05 |
| 201页;26cm |
| ISBN 7-5025-3194-7(压膜):RMB 22.00 |
| ● |
| 相关链接 |
|
|
|
正题名:大气污染控制技术
索取号:X51-43/L671
 
预约/预借
| 序号 | 登录号 | 条形码 | 馆藏地/架位号 | 状态 | 备注 |
| 1 | 353765 | 203537654 | 自科库501/501自科库 68排7列2层/ [索取号:X51-43/L671] | 在馆 | |
| 2 | 353766 | 203537663 | 自科库501/501自科库 68排7列2层/ [索取号:X51-43/L671] | 在馆 |